000 00598nam a2200229Ia 4500
003 OSt
005 20220928145717.0
006 a|||||r|||| 00| 0
007 ta
008 220927b |||||||| |||| 00| 0 eng d
024 _a82333
037 _cTextual
040 _aSDCL
_cSDCL
_beng
041 _2eng
_aeng
082 _aXjN10, N1
100 _aKurien C T Ed.
_9514333
245 0 _aEconomy society and development.
260 _c1991
700 _a Prabhakar E R Ed.
_9514334
942 _hXjN10, N1
_cTEXL
_2CC
999 _c835055
_d835055